Financial statement analysis and security valuation / (Record no. 3315)
[ view plain ]
| 000 -LEADER | |
|---|---|
| fixed length control field | 01840nam a2200205Ia 4500 |
| 020 ## - INTERNATIONAL STANDARD BOOK NUMBER | |
| ISBN | 0071254323 |
| 020 ## - INTERNATIONAL STANDARD BOOK NUMBER | |
| ISBN | 9780071254328 |
| 050 ## - CALL NUMBER | |
| Classification number | HF5681 |
| Item number | .B2 P4134 |
| 100 1# - AUTHOR | |
| Personal name | Penman, Stephen H. |
| 245 10 - TITLE | |
| Title | Financial statement analysis and security valuation / |
| Statement of responsibility, etc | Stephen H. Penman. |
| 250 ## - EDITION | |
| Edition statement | 3rd ed. |
| 260 ## - PUBLICATION INFORMATION | |
| Place of publication | Boston |
| Name of publisher | McGraw-Hill Irwin |
| Year of publication | 2007 |
| 300 ## - DESCRIPTION | |
| Number of Pages | xxiv,776 pages. |
| Other physical details | illustrations |
| 500 ## - NOTES | |
| General note | Previous edition: 2004. |
| 500 ## - NOTES | |
| General note | Includes index. |
| 505 ## - FORMATTED CONTENTS NOTE | |
| Table of Content | Introduction to Investing and Valuation --<br/>Introduction to the Financial Statements Part One: Financial Statements and Valuation --<br/>How Financial Statements Are Used in Valuation --<br/>Cash Accounting, Accrual Accounting, and Discounted Cash Flow Valuation --<br/>Accrual Accounting and Valuation: Pricing Book Values --<br/>Accrual Accounting and Valuation: Pricing Earnings Part Two: The Analysis of Financial Statement --<br/>Business Activities and Financial Statements --<br/>The Analysis of the Statement of Shareholders' Equity --<br/>The Analysis of the Balance Sheet and Income Statement --<br/>The Analysis of the Cash Flow Statement --<br/>The Analysis of Profitability --<br/>The Analysis of Growth and Sustainable Earnings Part Three: Forecasting and Valuation Analysis --<br/>The Value of Operations and the Evaluation of Enterprise Price-to- Book Ratios and Price-Earnings Ratios --<br/>Simple Forecasting and Simple Valuation --<br/>Full-Information Forecasting, Valuation, and Business Strategy Analysis Part Four: Accounting Analysis and Valuation --<br/>Creating Accounting Value and Economic Value --<br/>Analysis of the Quality of Financial Statements Part Five: The Analysis of Risk --<br/>The Analysis of Equity Risk and the Cost of Capital --<br/>The Analysis of Credit Risk. |
| 650 #0 - SUBJECTS | |
| Topical Term | Financial statements |
| General subdivision | Evaluation. |
| 650 #0 - SUBJECTS | |
| Topical Term | Investment analysis. |
| 942 ## - ADDED ENTRY ELEMENTS (KOHA) | |
| Koha item type | Books |
| Withdrawn status | Lost status | Collection code | Home library | Current library | Shelving location | Date acquired | Full call number | Accession Number | Koha item type |
|---|---|---|---|---|---|---|---|---|---|
| Reference | Methodist University Library Main | Methodist University Library Main | General Stacks | 04/08/2011 | HF5681.B2 P4134 | 33646 | Books | ||
| Reference | Methodist University Library Main | Methodist University Library Main | General Stacks | 04/08/2011 | HF5681.B2 P4134 | 24956 | Books | ||
| Reference | Methodist University Library Main | Methodist University Library Main | General Stacks | 04/08/2011 | HF5681.B2 P4134 | 33647 | Books | ||
| Methodist University Library Main | Methodist University Library Main | General Stacks | 04/08/2011 | HF5681.B2 P4134 | 18836 | Books |